Design of concrete structures (Record no. 3628)

000 -LEADER
fixed length control field 00663nam a2200229 a 4500
001 - CONTROL NUMBER
control field 3628
003 - CONTROL NUMBER IDENTIFIER
control field BD-DhUET
008 - FIXED-LENGTH DATA ELEMENTS--GENERAL INFORMATION
fixed length control field 850621s1985 enka b 101 0 eng
020 ## - INTERNATIONAL STANDARD BOOK NUMBER
International Standard Book Number 007Y665486
040 ## - CATALOGING SOURCE
Original cataloging agency DLC
Transcribing agency DLC
Modifying agency BD-DhUET
082 00 - DEWEY DECIMAL CLASSIFICATION NUMBER
Classification number 624.183
Item number NIL/1986
100 ## - MAIN ENTRY--PERSONAL NAME
Personal name Nilson, Arthur H.
245 00 - TITLE STATEMENT
Title Design of concrete structures
Statement of responsibility, etc. by Arthur H. Nilson and George Winter
250 ## - EDITION STATEMENT
Edition statement 10th ed.
260 ## - PUBLICATION, DISTRIBUTION, ETC. (IMPRINT)
Place of publication, distribution, etc. New York:
Name of publisher, distributor, etc. McGraw Hill Book Company,
Date of publication, distribution, etc. 1986.
300 ## - PHYSICAL DESCRIPTION
Extent xi, 380 p. :
Other physical details ill. ;
Dimensions 23 cm.
490 ## - SERIES STATEMENT
Series statement Civil engineering series
504 ## - BIBLIOGRAPHY, ETC. NOTE
Bibliography, etc Includes bibliographies
650 #0 - SUBJECT ADDED ENTRY--TOPICAL TERM
Topical term or geographic name as entry element Reinforced concrete
700 ## - ADDED ENTRY--PERSONAL NAME
Personal name Winter, George
942 ## - ADDED ENTRY ELEMENTS (KOHA)
Koha item type General Book
Holdings
Withdrawn status Date acquired Koha full call number Koha item type Not for loan Koha date last seen Koha normalized classification for sorting Location (home branch) Koha issues (times borrowed) Price effective from Piece designation (barcode) Lost status Koha out on loan Sublocation or collection (holding branch) Shelving location Copy number Damaged status Koha renewals Koha date last borrowed Source of classification or shelving scheme
 2014-11-02624.183/NIL/1986General Book 2026-02-23624_000000000000000_183NIL1986Central Library, BUET62014-11-0277873 2027-02-23Central Library, BUETCirculation section1 12026-02-23 
 1990-10-23624.183 NIL/1986Rental Item 2024-12-04624_183000000000000_NIL_1986Central Library, BUET 2024-12-0477816  Central Library, BUETRental section১০/ক-১    
 1990-10-23624.183 NIL/1986Rental Item 2024-12-04624_183000000000000_NIL_1986Central Library, BUET 2024-12-0477817  Central Library, BUETRental section১০/ক-২    
 1990-10-23624.183 NIL/1986Rental Item 2024-12-04624_183000000000000_NIL_1986Central Library, BUET 2024-12-0477818  Central Library, BUETRental section১০/ক-৩    
 1990-10-23624.183 NIL/1986Rental Item 2024-12-04624_183000000000000_NIL_1986Central Library, BUET 2024-12-0477819  Central Library, BUETRental section১০/ক-৪    
 1990-10-23624.183 NIL/1986Rental Item 2024-12-04624_183000000000000_NIL_1986Central Library, BUET 2024-12-0477820  Central Library, BUETRental section১০/ক-৫    
 1990-10-23624.183 NIL/1986Rental Item 2024-12-04624_183000000000000_NIL_1986Central Library, BUET 2024-12-0477821  Central Library, BUETRental section১০/ক-৬    
 1990-10-23624.183 NIL/1986Rental Item 2024-12-04624_183000000000000_NIL_1986Central Library, BUET 2024-12-0477822  Central Library, BUETRental section১০/ক-৭    
 1990-10-23624.183 NIL/1986Rental Item 2024-12-04624_183000000000000_NIL_1986Central Library, BUET 2024-12-0477823  Central Library, BUETRental section১০/ক-৮    
 1990-10-23624.183 NIL/1986Rental Item 2024-12-04624_183000000000000_NIL_1986Central Library, BUET 2024-12-0477824  Central Library, BUETRental section১০/ক-৯    
 1990-10-23624.183 NIL/1986Rental Item 2024-12-04624_183000000000000_NIL_1986Central Library, BUET 2024-12-0477825  Central Library, BUETRental section১০/ক-১০    
 1990-10-23624.183 NIL/1986Rental Item 2024-12-04624_183000000000000_NIL_1986Central Library, BUET 2024-12-0477826  Central Library, BUETRental section১০/ক-১১    
 1990-10-23624.183 NIL/1986Rental Item 2024-12-04624_183000000000000_NIL_1986Central Library, BUET 2024-12-0477827  Central Library, BUETRental section১০/ক-১২    
 1990-10-23624.183 NIL/1986Rental Item 2024-12-04624_183000000000000_NIL_1986Central Library, BUET 2024-12-0477828  Central Library, BUETRental section১০/ক-১৩    
 1990-10-23624.183 NIL/1986Rental Item 2024-12-04624_183000000000000_NIL_1986Central Library, BUET 2024-12-0477829  Central Library, BUETRental section১০/ক-১৪    
 1990-10-23624.183 NIL/1986Rental Item 2024-12-04624_183000000000000_NIL_1986Central Library, BUET 2024-12-0477830  Central Library, BUETRental section১০/ক-১৫    
 1990-10-23624.183 NIL/1986Rental Item 2024-12-04624_183000000000000_NIL_1986Central Library, BUET 2024-12-0477831  Central Library, BUETRental section১০/ক-১৬    
 1990-10-23624.183 NIL/1986Rental Item 2024-12-04624_183000000000000_NIL_1986Central Library, BUET 2024-12-0477832  Central Library, BUETRental section১০/ক-১৭    
 1990-10-23624.183 NIL/1986Rental Item 2024-12-04624_183000000000000_NIL_1986Central Library, BUET 2024-12-0477833  Central Library, BUETRental section১০/ক-১৮    
 1990-10-23624.183 NIL/1986Rental Item 2024-12-04624_183000000000000_NIL_1986Central Library, BUET 2024-12-0477834  Central Library, BUETRental section১০/ক-১৯    
 1990-10-23624.183 NIL/1986Rental Item 2024-12-04624_183000000000000_NIL_1986Central Library, BUET 2024-12-0477835  Central Library, BUETRental section১০/ক-২০